Per la llengua catalana / Enric Prat de la Riba ; pròleg de J. Bofill i Matas
ISBN:
978-84-393-7718-4
Descripción Física:
81 p. ; 19 cm
Colección:
Col·lecció d'estudis polítics ; 1
Otros Autores:
Bofill i Mates, Jaume
MARC
| LEADER | 00000nam a2200000Ia 4500 | ||
|---|---|---|---|
| 001 | 20668 | ||
| 008 | 160829s2008 xx 000 0 cat d | ||
| 020 | |a 978-84-393-7718-4 | ||
| 080 | |a L-2-98 | ||
| 100 | |a Prat de la Riba, Enric, |d 1870-1917 |9 25299 | ||
| 245 | |a Per la llengua catalana / Enric Prat de la Riba ; pròleg de J. Bofill i Matas | ||
| 250 | |a Ed. facsímil | ||
| 260 | |a Barcelona : |b Escola d'Administració Púbilca de Catalunya, |c 2008 | ||
| 300 | |a 81 p. ; |c 19 cm | ||
| 490 | |a Col·lecció d'estudis polítics ; 1 | ||
| 590 | |a Reproducció facsímil de la col·lecció d'Estudis Polítics de les Publicacions de 'La Revista', 1918 | ||
| 650 | |a Català |x Aspectes socials |x Reculls d'escrits |9 38192 | ||
| 650 | |a Llengua i nacionalisme |x Catalunya |9 38193 | ||
| 650 | |a Català |x Aspectes polítics |x Reculls d'escrits |9 38194 | ||
| 700 | |a Bofill i Mates, Jaume |9 26461 | ||
| 710 | |a Escola d'Administració Pública de Catalunya |9 15494 | ||
| 901 | |a Arxiu | ||
| 942 | |n 1 | ||
| 952 | |0 0 |1 0 |4 0 |6 L298 |7 1 |9 48315 |a Arxiu |b Arxiu |d 2016-12-01 |l 0 |o L-2-98 |p 20668 |r 2016-12-01 00:00:00 |w 2016-12-01 |y ARXIU | ||
| 999 | |c 52121 |d 52121 | ||